Estructura de la materia (Record no. 52195)

MARC details
000 -LEADER
campo de control de longitud fija 00592nam a2200181 i 4500
001 - NÚMERO DE CONTROL
campo de control 52195
003 - IDENTIFICADOR DE NÚMERO DE CONTROL
campo de control ES-MaACL
005 - FECHA Y HORA DE LA ÚLTIMA TRANSACCIÓN
campo de control 20230906162535.0
007 - CAMPO FIJO DE DESCRIPCIÓN FÍSICA--INFORMACIÓN GENERAL
campo de control de longitud fija t|
008 - DATOS DE LONGITUD FIJA--INFORMACIÓN GENERAL
campo de control de longitud fija 030826s1971 sp ||||1| spa d
100 1# - ENTRADA PRINCIPAL--NOMBRE DE PERSONA
Nombre de persona Christy, Robert W.
9 (RLIN) 38674
245 10 - MENCIÓN DEL TÍTULO
Título Estructura de la materia
Resto del título : una introducción a la física moderna /
Mención de responsabilidad, etc. Robert W. Christy, Agnar Pytte ; versión Rodolfo H. Busch.
260 ## - PUBLICACIÓN, DISTRIBUCIÓN, ETC.
Lugar de publicación, distribución, etc. Barcelona :
Nombre del editor, distribuidor, etc. Reverté,
Fecha de publicación, distribución, etc. 1971.
300 ## - DESCRIPCIÓN FÍSICA
Extensión 610 p. :
Otras características físicas il. ;
Dimensiones 22 cm.
700 1# - ENTRADA AGREGADA--NOMBRE PERSONAL
Nombre de persona Pytte, Agnar.
9 (RLIN) 94465
700 1# - ENTRADA AGREGADA--NOMBRE PERSONAL
Nombre de persona Busch, Rodolfo H.
9 (RLIN) 32808
852 ## - LOCALIZACIÓN
Ubicación ES-MaACL
Número de control de estantería C-38313
Sublocalización o colección R.77867
Holdings
Estatus retirado Estado de pérdida Estado de daño No para préstamo Biblioteca de origen Biblioteca actual Ubicación en estantería Fecha de adquisición Fuente de adquisición Total de préstamos Signatura topográfica completa Código de barras Visto por última vez Precio de reemplazo Tipo de ítem Koha
        Biblioteca del Ateneo de Madrid Biblioteca del Ateneo de Madrid Depósito 2 17/01/2008     C-38313 1054870 23/02/2023 23/02/2023 Libro impreso